HOW TO GET AN EQUITY RESEARCH ANALYST JO (Record no. 28816)

MARC details
000 -LEADER
fixed length control field 00345nam a2200133Ia 4500
008 - FIXED-LENGTH DATA ELEMENTS--GENERAL INFORMATION
fixed length control field 240624s9999 xx 000 0 und d
041 ## - LANGUAGE CODE
Language code of text/sound track or separate title eng
082 ## - DEWEY DECIMAL CLASSIFICATION NUMBER
Classification number 332.632 ELC
100 ## - MAIN ENTRY--PERSONAL NAME
Personal name ELCOCK GILLIAN D
245 ## - TITLE STATEMENT
Title HOW TO GET AN EQUITY RESEARCH ANALYST JO
260 ## - PUBLICATION, DISTRIBUTION, ETC.
Date of publication, distribution, etc. 2010
Place of publication, distribution, etc. Management
Name of publisher, distributor, etc. Ecademy Press
300 ## - PHYSICAL DESCRIPTION
Extent 157 p.; 28 cm.
365 ## - TRADE PRICE
Currency code RS
Holdings
Withdrawn status Lost status Damaged status Not for loan Home library Current library Shelving location Date acquired Cost, normal purchase price Total Checkouts Full call number Barcode Date due Date last seen Date last checked out Price effective from Koha item type
        IMTN IMTN Rack 11-A 06/13/2017 799.00 2 332.632 ELC 28816 01/26/2026 01/16/2026 01/16/2026 06/24/2024 Books
Designed & Maintained by: LRC IMT Nagpur Contact: lrc@imtnag.ac.in© 2024. All Rights Reserved.